| 000 | 00658nas a2200229 4500 | ||
|---|---|---|---|
| 001 | BR9600635 | ||
| 003 | BR-BrBNA | ||
| 005 | 20231205094645.0 | ||
| 007 | ta | ||
| 008 | 230509b bl.|||p| |||| 00| 00por d | ||
| 040 |
_aBR-BrBNA _bpor _cBiblioteca Nacional de Agricultura |
||
| 041 | _a(Pt) | ||
| 072 | _aF30 | ||
| 100 | 1 | _aMiocque, J. | |
| 245 | 1 | _aDeclinio das variedades de cana-de-acucar | |
| 650 | _aCana de Acucar | ||
| 650 | _aVariedade | ||
| 650 | _aMelhoramento Genetico Vegetal | ||
| 773 | 0 |
_tStab (Brazil) _xISSN 0102-1214 _g(Sep-Oct 1995), v. 14(1) p. 16-18 _wBR9600635 |
|
| 909 |
_a202311 _bLúcia _c55 _dLúcia Elande |
||
| 942 |
_2AGRIS _n0 _cANA |
||
| 999 |
_c145933 _d145933 |
||